00391nam a2200109Ia 4500008004100000082000800041100003000049245008500079942000600164952009600170999001500266240331s9999 xx 000 0 und d bEXP aShoesmith, Dennis, editor 0aExport processing zones in five countries :bThe economic and human consequences cL 001040708LaWERCLbWERCLcSSCd2024-03-31l0o 382.71 EXPp20r2024-03-31w2024-03-31yL c2965d2965